书目信息 |
| 题名: |
汉语事实的描写与考察
|
|
| 作者: | 陈满华 著 | |
| 分册: | ||
| 出版信息: | 北京 中央文献出版社 2007 |
|
| 页数: | 319页 | |
| 开本: | 21cm | |
| 丛书名: | 当代语言学丛书 | |
| 单 册: | ||
| 中图分类: | H1-53 | |
| 科图分类: | ||
| 主题词: | 汉语--语言学--文集 , 汉语 , 语言学 | |
| 电子资源: | ||
| ISBN: | 978-7-5073-2258-3 | |
| 000 | 00866oam2 2200277 450 | |
| 001 | 003569578 | |
| 005 | 20091202090319.78 | |
| 010 | @a978-7-5073-2258-3@dCNY25.00 | |
| 100 | @a20070104d2007 em y0chiy0110 ea | |
| 101 | 0 | @achi |
| 102 | @aCN@b110000 | |
| 105 | @ay z 000yy | |
| 106 | @ar | |
| 200 | 1 | @a汉语事实的描写与考察@9han yu shi shi de miao xie yu kao cha@f陈满华著 |
| 210 | @a北京@c中央文献出版社@d2007 | |
| 215 | @a319页@d21cm | |
| 225 | 2 | @a当代语言学丛书 |
| 330 | @a本书汇集了作者上个世纪90年代以来撰写的27篇论文,主要探讨现代汉语的语法现象和词汇问题,也有关于汉语修辞和方言等方面的内容。 | |
| 461 | 0 | @12001 @a当代语言学丛书 |
| 606 | 0 | @a汉语@x语言学@j文集 |
| 606 | 0 | @a汉语 |
| 606 | 0 | @a语言学 |
| 690 | @aH1-53@v4 | |
| 701 | 0 | @a陈满华@9chen man hua@f(1963.7~)@4著 |
| 801 | 0 | @aCN@bNLC@c20091202 |
| 905 | @b794667-72@dH1-53@e154@f6 | |
| 汉语事实的描写与考察/陈满华著.-北京:中央文献出版社,2007 |
| 319页;21cm.-(当代语言学丛书) |
| ISBN 978-7-5073-2258-3:CNY25.00 |
| 本书汇集了作者上个世纪90年代以来撰写的27篇论文,主要探讨现代汉语的语法现象和词汇问题,也有关于汉语修辞和方言等方面的内容。 |
| ● |
| 相关链接 |
|
|
|
|
正题名:汉语事实的描写与考察
索取号:H1-53/154
 
预约/预借
| 序号 | 登录号 | 条形码 | 馆藏地/架位号 | 状态 | 备注 |
| 1 | 794667 | 207946678 | 第二样本阅览室/ [索取号:H1-53/154] | 在馆 | |
| 2 | 794668 | 207946687 | 第四借阅区/ [索取号:H1-53/154] | 在馆 | |
| 3 | 794669 | 207946696 | 第四借阅区/ [索取号:H1-53/154] | 在馆 | |
| 4 | 794670 | 207946703 | 第四借阅区/ [索取号:H1-53/154] | 在馆 | |
| 5 | 794671 | 207946712 | 第四借阅区/ [索取号:H1-53/154] | 在馆 | |
| 6 | 794672 | 207946721 | 密集书库-文学院/ [索取号:H1-53/154] | 在馆 |